00501nam a22001577a 450000500170000000800410001702000150005804100130007308200140008610000380010024500800013825000240021826000450024230000310028765000250031820231116144648.0231116b |||||||| |||| 00| 0 eng d a0620073470 aEnglish  a343.8 MIL aMillin, P and Wille, G lEnglish  aWille and Millin's Mercantile Law of South Africa / cP Millin and G Wille  aEighteenth Edition  aJohannesburg : bHortors Limited, c1984 bciv, 951 pages ; c26 cm.  aLegal practice bLaw